000 00370pam a2200157a 44500
008 230515b1989 xxu||||| |||| 00| 0 eng d
020 _aNULL
041 _aENG
082 _a636.1089608
100 _aC. M. brown
245 _aProblems in equine medicine
250 _a0
260 _aNULL
_b"Lea and Febiger society, nd, "
_c1989
300 _a302
650 _aN.D.
999 _c522790
_d522790